| 000 | 00776nam a2200205 i 4500 | ||
|---|---|---|---|
| 001 | 67668 | ||
| 003 | ES-MaACL | ||
| 005 | 20230906170127.0 | ||
| 007 | t| | ||
| 008 | 040609s2003 sp ||||1| spa d | ||
| 080 | _a821.134.2-32"19"(082.2) | ||
| 080 | _a821.134.2-14"19"(082.2) | ||
| 245 | 0 | 0 |
_aVII Premio de Poesía Rincón Poético. XIII Premio de Relatos Cortos. XVI Pregón de la Feria de la Manzanilla _b: Ateneo de Sanlúcar, Sanlúcar de Bda., 2003. |
| 260 |
_aSanlúcar de Barrameda : _bAteneo de Sanlúcar de Barrameda, _c2003. |
||
| 300 |
_a87 p. ; _c21 cm. |
||
| 650 | 4 |
_aNovelas cortas españolas- _yS.XX. _915633 |
|
| 650 | 4 |
_aPoesías españolas- _yS.XX. _916221 |
|
| 710 | 2 |
_aAteneo de Sanlúcar de Barrameda. _92022 |
|
| 852 |
_aES-MaACL _jL-27889 _bR.133480 |
||
| 999 |
_c67668 _d67668 |
||